00319nam a22001337a 4500003000400000020001800004082001600022100001800038245004000056250000800096260005900104300000900163650001300172SGT a9789388022132 a617.6bI19M aKUMAR, MUKESH aImplants - A Total Anchorage Device a1ST aNEW DELHI b IP Innovative Publication Pvt. Ltd.c2019 a1-87 aIMPLANTS